国资委主管央企名录(1-50) - Statistics

General Stats
  • This quiz has been taken 5 times
    3 since last reset
  • The average score is 35 of 50
Answer Stats
企业描述 企业名称 % Correct
军工/核工业 - 北京 - 国家核科技工业的主体,核能开发与核电建设的主力军 中国核工业集团有限公司
100%
军工/航天 - 北京 - 我国航天科技工业的主导力量,研制长征火箭与神舟飞船 中国航天科技集团有限公司
100%
军工/航天 - 北京 - 我国导弹武器系统研制生产的中坚力量,空天防御技术领先 中国航天科工集团有限公司
100%
军工/船舶 - 上海 - 全球规模最大的造船集团,负责研制航母及各类主力战舰 中国船舶集团有限公司
100%
军工/兵器 - 北京 - 陆军武器装备研制发展的主体,提供装甲车、火炮及弹药 中国兵器工业集团有限公司
100%
军工/电子信息 - 北京 - 军民用大型电子信息系统的领军者,电子信息技术支撑力量 中国电子科技集团有限公司
100%
能源/航空动力 - 北京 - 专注航空发动机及燃气轮机研制,解决飞机的“心脏”问题 中国航空发动机集团有限公司
100%
能源/石油石化 - 北京 - 我国最大的油气生产商和供应商,标志为红黄“宝石花” 中国石油天然气集团有限公司
100%
能源/石油石化 - 北京 - 全球最大的炼油商和化工产品生产商,标志为“红火炬” 中国石油化工集团有限公司
100%
能源/石油石化 - 北京 - 我国海上油气生产的先行者,主要负责近海石油资源开发 中国海洋石油集团有限公司
100%
能源/电网 - 北京 - 全球最大的公用事业企业,负责中国绝大部分地区的电力供应 国家电网有限公司
100%
能源/电网 - 广州 - 负责广东、广西、云南、贵州、海南五省区的电网运营 中国南方电网有限责任公司
100%
能源/电力 - 武汉 - 建设并管理三峡工程,是我国最大的清洁能源集团 中国长江三峡集团有限公司
100%
通信/运营 - 北京 - 领先的全业务综合信息服务运营商,主要提供天翼品牌服务 中国电信集团有限公司
100%
通信/运营 - 北京 - 拥有世界领先的通信网络基础设施,提供联通沃系列服务 中国联合网络通信集团有限公司
100%
通信/运营 - 北京 - 全球用户规模最大的移动通信运营商,基站覆盖率世界领先 中国移动通信集团有限公司
100%
制造/汽车 - 长春 - 新中国汽车工业的摇篮,旗下拥有红旗、解放等自主品牌 中国第一汽车集团有限公司
100%
冶金/钢铁 - 鞍山 - 拥有悠久历史的钢铁工业基地,由原鞍钢与本钢整合重组 鞍钢集团有限公司
100%
冶金/钢铁 - 上海 - 全球粗钢产量第一的钢铁企业,由宝钢与武钢合并重组 中国宝武钢铁集团有限公司
100%
军工/航空 - 北京 - 研制歼-20、运-20等军民用飞机,航空装备供应主体 中国航空工业集团有限公司
67%
能源/油气管网 - 北京 - 负责全国油气干线管道建设及调度,实现“管网独立”战略 国家石油天然气管网集团有限公司
67%
能源/水电 - 成都 - 负责雅砻江流域水能资源开发,管理两河口、锦屏等大型水电站 中国雅江集团有限公司
67%
通信/卫星 - 雄安 - 负责卫星互联网系统的论证、建设及运营,落户雄安的先行者 中国卫星网络集团有限公司
67%
制造/汽车 - 武汉 - 产业链最齐全的汽车集团之一,拥有东风、岚图等品牌 东风汽车集团有限公司
67%
制造/重型装备 - 齐齐哈尔 - 被誉为“中国机械工业长子”,主要生产大型重工业设备 中国一重集团有限公司
67%
制造/动力装备 - 哈尔滨 - 我国最早的电力装备生产基地,研制白鹤滩等大型水电机组 哈尔滨电气集团有限公司
67%
冶金/铝业 - 北京 - 全球最大的氧化铝、电解铝供应商,标志为圆形“中铝” 中国铝业集团有限公司
67%
交通/海运 - 上海 - 全球运力最大的航运企业,承担了大量海上能源及物资运输 中国远洋海运集团有限公司
67%
交通/民航 - 北京 - 以中国国际航空公司为主体,我国主要的民航骨干企业 中国航空集团有限公司
67%
交通/民航 - 上海 - 总部位于上海的骨干航司,致力于构建全球化航线网络 中国东方航空集团有限公司
67%
交通/民航 - 广州 - 亚洲机队规模最大的航空公司,标志为醒目的红色木棉花 中国南方航空集团有限公司
67%
化学/石油化工 - 北京 - 由中化与中国化工合并,全球领先的综合性化工企业 中国中化控股有限责任公司
67%
贸易/农产品 - 北京 - 我国最大的农产品加工企业,旗下拥有福临门、蒙牛等品牌 中粮集团有限公司
67%
资源/矿业 - 北京 - 是中国最大的有色金属矿业企业,业务涵盖金属矿产、建筑施工及金融 中国五矿集团有限公司
67%
建筑/施工 - 北京 - 全球规模最大的建筑地产综合企业,以“中国建筑”为母品牌 中国建筑集团有限公司
67%
贸易/储备粮 - 北京 - 负责国家储备粮、油脂油料的经营管理,保障粮食安全 中国储备粮管理集团有限公司
67%
基建/水利 - 北京 - 负责南水北调工程的建设管理及运营,保障国家水资源安全 中国南水北调集团有限公司
67%
军工/兵器装备 - 北京 - 承担我国特种装备研制,旗下拥有长安汽车等大型企业 中国兵器装备集团有限公司
33%
资产管理/军工 - 北京 - 管理经营原军队所属企业资产,业务涵盖酒店、仓储及农业 中国融通资产管理集团有限公司
33%
能源/电力 - 北京 - 五大发电集团之首,以清洁能源开发及综合能源服务为特色 中国华能集团有限公司
33%
能源/电力 - 北京 - 核心业务为电力、煤炭、金融,拥有大唐发电等上市公司 中国大唐集团有限公司
33%
能源/电力 - 北京 - 业务覆盖发电、热力、煤炭、科工及金融,聚焦绿色低碳转型 中国华电集团有限公司
33%
能源/煤电 - 北京 - 全球最大的煤炭生产、火力发电、风力发电及煤制油企业 国家能源投资集团有限责任公司
33%
电子信息/网信 - 深圳 - 致力于国产芯片、操作系统及核心架构,打造自主可控生态 中国电子信息产业集团有限公司
33%
制造/机械工业 - 北京 - 综合性机械工业集团,业务涵盖设计、研发、制造及服务 中国机械工业集团有限公司
33%
制造/动力装备 - 成都 - 专注于能源装备研发制造,主营发电设备、输变电设备及新能源装备 中国东方电气集团有限公司
33%
资源/矿产 - 雄安 - 负责保障国家战略性矿产资源安全,主营铁矿石等资源贸易 中国矿产资源集团有限公司
33%
投资/金融 - 北京 - 国务院授权的投资机构,聚焦基础设施、金融及战略新兴产业 国家开发投资集团有限公司
33%
能源/电力 - 北京 - 拥有光伏发电装机规模世界第一,由中电投及国家核电合并 国家电力投资集团有限公司
0%
服务/多元化 - 北京 - 业务涵盖机床工具、医药保健及贸易,服务国家科技战略 中国通用技术(集团)控股有限责任公司
0%
No matching quizzes found
Score Distribution
Percent of People with Each Score
Percentile by Number Answered
Your Score History
You have not taken this quiz since the last reset